Flota PLL LOT - Statystyki

Ogólne statystyki
  • Ten quiz został rozwiązany 82 razy
    21 od ostatniego zresetowania
  • Średni wynik to 8 z 10
Statystyki odpowiedzi
Liczba Nazwa % Poprawnych
18 Boeing 737 Max 8
100%
8 Boeing 787-8
95%
7 Boeing 787-9
95%
13 Embraer E175
95%
16 Embraer E195
95%
6 Boeing 737-800
79%
8 Embraer E190
79%
5 Embraer E170
74%
3 Embraer E195-E2
26%
1 Boeing 777-200
21%
Nie znaleziono quizów pasujących do podanych kryteriów
Rozkład punktacji
Procent ludzi z każdym wynikiem
Percentyl według liczby udzielonych odpowiedzi
Twoja historia wyników
Nie rozwiązałeś tego quizu od ostatniego zresetowania